Теория механизмов и машин: учебно-методическое пособие

Бібліографічні деталі
Автор: Чмиль В. П. Владимир Павлович
Резюме:Изложено примерное содержание курса дисциплины «Теория механизмов и машин» на основе учебной программы для механических специальностей и направлений подготовки вузов. Последовательно приведены лекции, методики выполнения лабораторных работ и практических занятий по курсу. Даны примеры решения задач кинематического анализа и синтеза механизмов, пояснения для выполнения расчетно-графинеских работ. Рассмотрена методика выполнения курсового проекта на тему «Кинематическое и динамическое исследование машины с криво-шипно-ползунным механизмом». Пособие предназначено для студентов технических вузов в области эксплуатации автомобильного транспорта (направление подотовки «Эксплуатация транспортно-технологических машин и комплексов» по профилям «Автомобили и автомобильное хозяйство» и «Автомобильный сервис») и строительной техники (специальность «Наземныетранспортно-технологическиесредства», специализация «Подъемно-транспортные, строительные, дорожные средства и оборудование»).
Мова:Російська
Опубліковано: Санкт-Петербург, Лань, 2016
Редагування:2-е изд., испр.
Серія:Учебники для вузов. Специальная литература
Предмети:
Формат: Книга
KOHA link:https://koha.lib.tpu.ru/cgi-bin/koha/opac-detail.pl?biblionumber=321731

MARC

LEADER 00000nam0a2200000 4500
001 321731
005 20231102003414.0
010 |a 9785811412228 
035 |a (RuTPU)RU\TPU\book\347287 
035 |a RU\TPU\book\219597 
090 |a 321731 
100 |a 20110926d2016 m y0rusy50 ca 
101 0 |a rus 
102 |a RU 
105 |a a j 001zy 
200 1 |a Теория механизмов и машин  |e учебно-методическое пособие  |f В. П. Чмиль 
205 |a 2-е изд., испр. 
210 |a Санкт-Петербург  |c Лань  |d 2016 
215 |a 279 с.  |c ил. 
225 1 |a Учебники для вузов. Специальная литература 
320 |a Библиогр.: с. 276 
330 |a Изложено примерное содержание курса дисциплины «Теория механизмов и машин» на основе учебной программы для механических специальностей и направлений подготовки вузов. Последовательно приведены лекции, методики выполнения лабораторных работ и практических занятий по курсу. Даны примеры решения задач кинематического анализа и синтеза механизмов, пояснения для выполнения расчетно-графинеских работ. Рассмотрена методика выполнения курсового проекта на тему «Кинематическое и динамическое исследование машины с криво-шипно-ползунным механизмом». Пособие предназначено для студентов технических вузов в области эксплуатации автомобильного транспорта (направление подотовки «Эксплуатация транспортно-технологических машин и комплексов» по профилям «Автомобили и автомобильное хозяйство» и «Автомобильный сервис») и строительной техники (специальность «Наземныетранспортно-технологическиесредства», специализация «Подъемно-транспортные, строительные, дорожные средства и оборудование»). 
606 1 |a Механизмы и машины  |x Теория  |2 stltpush  |3 (RuTPU)RU\TPU\subj\64695  |9 81456 
610 1 |a структурный анализ 
610 1 |a динамический анализ 
610 1 |a кинематический анализ 
610 1 |a плоские механизмы 
610 1 |a инерция 
610 1 |a уравновешивание 
610 1 |a кривошипно-шатунный механизм 
610 1 |a виброактивность 
610 1 |a виброзащита 
610 1 |a трение 
610 1 |a зубчатые передачи 
610 1 |a ременные передачи 
610 1 |a цепные передачи 
610 1 |a карданные передачи 
610 1 |a кинематика 
610 1 |a учебно-методические пособия 
675 |a 621.01(075.8)  |v 3 
700 1 |a Чмиль  |b В. П.  |g Владимир Павлович 
801 1 |a RU  |b 63413507  |c 20160905 
801 2 |a RU  |b 63413507  |c 20161101  |g RCR 
900 |a Теория механизмов и машин 
942 |c BK 
959 |a 51/20160714  |d 2  |e 898,80  |f ЧЗТЛ:1  |f УФ:1